00538nam a2200133 4500008004100000082001600041110008000057245009300137260003600230300003000266650003800296650004100334650002900375240105b |||||||| |||| 00| 0 eng d a305.42bUNI aUnited Nations Committee on the Elimination of Discrimination Against Women aTalibanisation & poor governance : bundermining CEDAW in Pakistan, second shadow report aLahore:bShirkat Gah, c[2007?] a ii, 41 p. : ill. ; 26 cm aPakistan- Politics and government aWomen- Legal status, laws, -Pakistan aWomen's rights- Pakistan